Tepsi: test de desarrollo psicomotor 2-5 años
Saved in:
| Hovedforfatter: | |
|---|---|
| Andre forfattere: | |
| Format: | Bog |
| Sprog: | spansk |
| Udgivet: |
Santiago
Ediciones Universidad Católica
2013
|
| Udgivelse: | 14a. ed |
| Fag: | |
| Tags: |
Tilføj Tag
Ingen Tags, Vær først til at tagge denne postø!
|
MARC
| LEADER | 00000cam a2200000 a 4500 | ||
|---|---|---|---|
| 001 | UCD9255 | ||
| 003 | CL-VaPUC | ||
| 008 | 170609e20130500cl |||||||||||||||||spa|d | ||
| 020 | |a 9789561402126 | ||
| 082 | 0 | 4 | |a 155.4123 |b HAE |2 21 |
| 100 | |a Haeussler Pérez de Arce, Isabel Margarita |e author |9 605317 | ||
| 700 | |a Marchant Orrego, Teresa |e autora |9 605316 | ||
| 245 | 1 | 0 | |a Tepsi: test de desarrollo psicomotor 2-5 años |
| 250 | |a 14a. ed | ||
| 300 | |a 146 p | ||
| 942 | |c BK | ||
| 945 | |d 20170609 16:51:00 |a arojas | ||
| 260 | |a Santiago |b Ediciones Universidad Católica |c 2013 | ||
| 500 | |a En forma separada: | ||
| 500 | |a Caja que incluye: | ||
| 500 | |a 1 lápiz grafito sin goma; 2 vasos plásticos; 1 pelota de tenis; 12 cubos de madera; 1 tablero de madera; 4 piezas rectangulares de madera; 3 láminas de color; 1 estuche abotonado que incluye: 1 globo, una aguja de lana, un cordón grueso, un trozo de hilo; 2 almohadillas | ||
| 650 | 7 | |a TEST PSICOLOGICOS |2 CL-VaPUC |9 333478 | |
| 650 | 0 | |a Psicología del niño |9 307305 | |
| 650 | 7 | |a DESARROLLO PSICOMOTOR |2 CL-VaPUC |9 335818 | |
| 650 | 0 | |a Aptitud motora |9 307353 | |
| 583 | |a last modification |c 20170609 16:51:00 |k Rodrigo Vera | ||
| 999 | |c 368496 |d 368494 | ||
| 952 | |0 0 |1 0 |3 erb |4 0 |6 155_412300000000000_HAE_2013 |7 0 |8 R |9 483830 |a BIBEDU |b BIBEDU |i 5395321 |l 6 |m 2 |o 155.4123 HAE 2013 |p 5395321 |r 2024-09-24 |s 2024-09-23 |w 2019-11-24 |y BK_R |z Catalogado en:20170609 |k EDI | ||